000 00663nam a22002057a 4500
999 _c19658
_d19658
003 AR-CdUCM
008 190518b ||||| |||| 00| 0 spa d
040 _aMUNICIPALIDAD PROVINCIAL DEL CUSCO
_cBIBLIOTECA MUNICIPAL DEL CUSCO
082 _a344.7 /
_bP19
100 _aPalomino Arana, Heli
_941130
245 _aJurisprudencia Penal Comentada /
260 _aPerú :
_bCultura hispana,
_c1953.
300 _a657 páginas ;
_c22 cm.
505 _aContenido: Presentación del autor -- Prologo -- Indice alfabético ..
650 _aJurisprudencia
_9927
650 _aDerecho
_9739
650 _aLeyes
_94808
942 _2ddc
_cLIBROS
945 _arah
_d2019-05-18